Readings in the theory and practice of medical social work / (Record no. 5022)
[ view plain ]
| 000 -LEADER | |
|---|---|
| fixed length control field | 00899nam a2200265 a 4500 |
| 001 - CONTROL NUMBER | |
| control field | 5022 |
| 003 - CONTROL NUMBER IDENTIFIER | |
| rucl marc code | BD-RjUL |
| 005 - DATE AND TIME OF LATEST TRANSACTION | |
| control field | 20211208234008.0 |
| 008 - FIXED-LENGTH DATA ELEMENTS--GENERAL INFORMATION | |
| fixed length control field | 131224r19651954enk 001 0 eng |
| 035 ## - SYSTEM CONTROL NUMBER | |
| System control number | (BD-RjUL)5058 |
| System control number | (OCoLC)14678578 |
| 040 ## - CATALOGING SOURCE | |
| Original cataloging agency | DLC |
| Transcribing agency | DNLM |
| Modifying agency | OYU |
| -- | OClW-H |
| -- | OCoLC |
| -- | DLC |
| -- | BD-RjUL |
| Language of cataloging | eng |
| 041 ## - LANGUAGE CODE | |
| Language code of text/sound track or separate title | eng |
| 060 0# - NATIONAL LIBRARY OF MEDICINE CALL NUMBER | |
| Classification number | W 322 |
| Item number | G624r 1954 |
| 082 ## - DEWEY DECIMAL CLASSIFICATION NUMBER | |
| Classification number | 361.1 |
| Author mark and year | GOR 1965 |
| 100 1# - MAIN ENTRY--PERSONAL NAME | |
| Personal name | Goldstine, Dora. |
| 9 (RLIN) | 15810 |
| 245 10 - TITLE STATEMENT | |
| Title | Readings in the theory and practice of medical social work / |
| Statement of responsibility, etc. | Dora Goldstine |
| 260 ## - PUBLICATION, DISTRIBUTION, ETC. (IMPRINT) | |
| Place of publication, distribution, etc. | Chicago : |
| Name of publisher, distributor, etc. | Univ. of Chicago Press , |
| Date of publication, distribution, etc. | c1954 [Impression 1965] |
| 300 ## - PHYSICAL DESCRIPTION | |
| Pagination | vi, 344 p. ; |
| Size | 23 cm. |
| 500 ## - GENERAL NOTE | |
| General note | Includes index. |
| 650 #0 - SUBJECT ADDED ENTRY--TOPICAL TERM | |
| Topical term or geographic name as entry element | Medical social work. |
| 9 (RLIN) | 15811 |
| 856 ## - ELECTRONIC LOCATION AND ACCESS | |
| Uniform Resource Identifier | <a href="http://www.worldcat.org/title/readings-in-the-theory-and-practice-of-medical-social-work/oclc/14678578&referer=brief_results">http://www.worldcat.org/title/readings-in-the-theory-and-practice-of-medical-social-work/oclc/14678578&referer=brief_results</a> |
| 942 ## - ADDED ENTRY ELEMENTS (KOHA) | |
| Source of classification or shelving scheme | Dewey Decimal Classification |
| Koha item type | Books |
| Lost status | Source of classification or shelving scheme | Damaged status | Not for loan | Collection code | Permanent Location | Current Location | Shelving location | Date acquired | Source of acquisition | Cost, normal purchase price | Total Checkouts | Full call number | Date last seen | Copy number | Koha item type |
|---|---|---|---|---|---|---|---|---|---|---|---|---|---|---|---|
| Dewey Decimal Classification | Non-fiction | Central Library, University of Rajshahi | Central Library, University of Rajshahi | 13/02/1969 | Mirza Book agency | 25.00 | 361.1 GOR 1965 | 24/12/2013 | C-9 | Books | |||||
| Dewey Decimal Classification | Non-fiction | Central Library, University of Rajshahi | Central Library, University of Rajshahi | 13/02/1969 | Mirza Book agency | 25.00 | 361.1 GOR 1965 | 22/08/2016 | C-2 | Books | |||||
| Dewey Decimal Classification | Non-fiction | Central Library, University of Rajshahi | Central Library, University of Rajshahi | 13/02/1969 | Mirza Book agency | 25.00 | 361.1 GOR 1965 | 22/08/2016 | C-3 | Books | |||||
| Dewey Decimal Classification | Non-fiction | Central Library, University of Rajshahi | Central Library, University of Rajshahi | 13/02/1969 | Mirza Book agency | 25.00 | 361.1 GOR 1965 | 22/08/2016 | C-4 | Books | |||||
| Dewey Decimal Classification | Non-fiction | Central Library, University of Rajshahi | Central Library, University of Rajshahi | 13/02/1969 | Mirza Book agency | 25.00 | 361.1 GOR 1965 | 22/08/2016 | C-5 | Books | |||||
| Dewey Decimal Classification | Non-fiction | Central Library, University of Rajshahi | Central Library, University of Rajshahi | 13/02/1969 | Mirza Book agency | 25.00 | 361.1 GOR 1965 | 22/08/2016 | C-6 | Books | |||||
| Dewey Decimal Classification | Non-fiction | Central Library, University of Rajshahi | Central Library, University of Rajshahi | 13/02/1969 | Mirza Book agency | 25.00 | 361.1 GOR 1965 | 22/08/2016 | C-7 | Books | |||||
| Dewey Decimal Classification | Non-fiction | Central Library, University of Rajshahi | Central Library, University of Rajshahi | 13/02/1969 | Mirza Book agency | 25.00 | 361.1 GOR 1965 | 22/08/2016 | C-8 | Books | |||||
| Dewey Decimal Classification | Non-fiction | Central Library, University of Rajshahi | Central Library, University of Rajshahi | 13/02/1969 | Mirza Book agency | 25.00 | 361.1 GOR 1965 | 22/08/2016 | C-10 | Books | |||||
| Dewey Decimal Classification | Not For Loan | Non-fiction | Central Library, University of Rajshahi | Central Library, University of Rajshahi | Reading Room | 13/02/1969 | Mirza Book agency | 25.00 | 361.1 GOR 1965 | 22/08/2016 | C-1 | Books |